000 00418nam a2200157 a 4500
001 000041517
005 20201002034947.0
008 131009s20uu xxua 000 0 spa d
020 _a9681301315
040 _aDO-SdBNP
_bspa
_cBNPHU
082 _axxx
_bxxx
100 1 _aZiglar, Zig
_968232
245 1 0 _aNos veremos en la cumbre.
260 _a[Estados Unidos] :
_b[s.d.],
_c[20uu].
300 _a381 p. :
_bil. ;
_c21 cm.
999 _c41007
_d41007